| 000 | 00906nmc a2200313 a 4500 | ||
|---|---|---|---|
| 003 | AR-BaBNM | ||
| 005 | 20251128203047.0 | ||
| 008 | 011101s1993 ||||||||||||||000 | spa|| | ||
| 020 | _a950-582-306-1 | ||
| 040 | _cAR-BaBNM | ||
| 100 | 1 | _aGelpi, Ettore | |
| 245 | 1 | 0 |
_aEducación permanente _bproblemas laborales y perspectivas educativas |
| 260 |
_aBuenos Aires _bHumanitas _bQuinto Centenario _c1993 |
||
| 300 | 0 | _a189 p. | |
| 490 | 0 |
_aBiblioteca de educación de adultos _vv. 2 |
|
| 500 | 0 | _aPresentación por Enrique Rodríguez Fuenzalida | |
| 600 | 1 | 4 | _aCollado, Manuel |
| 650 | 4 | _aRELACIONES LABORALES | |
| 650 | 4 | _aESTADO Y EDUCACION | |
| 650 | 4 | _aSINDICATOS | |
| 650 | 4 | _aEDUCACION PERMANENTE | |
| 650 | 4 | _aALFABETIZACION | |
| 650 | 4 | _aEDUCACION DE ADULTOS | |
| 650 | 4 | _aEDUCACION COMPARADA | |
| 651 | 4 | _aEcuador | |
| 651 | 4 | _aAmérica Latina | |
| 942 | _cBK | ||
| 998 | _cCarmen | ||
| 999 |
_c1708 _d1708 |
||